LIBRARY & INFORMATION CENTRE, KCAET, TAVANUR

ONLINE PUBLIC ACCESS CATALOGUE (OPAC)

EKANTHATHAYUDE NOORU VARSHANGAL | ഏകാന്തതയുടെ നൂറു വർഷങ്ങൾ (Record no. 17666)

MARC details
000 -LEADER
fixed length control field 01691nam a22001697a 4500
003 - CONTROL NUMBER IDENTIFIER
control field OSt
008 - FIXED-LENGTH DATA ELEMENTS--GENERAL INFORMATION
fixed length control field 230506b |||||||| |||| 00| 0 eng d
041 ## - LANGUAGE CODE
Language code of text/sound track or separate title MAL
082 ## - DEWEY DECIMAL CLASSIFICATION NUMBER
Classification number 894.812 3
Item number GAB/EK
100 ## - MAIN ENTRY--AUTHOR NAME
Personal name GABRIEL GARCIA MARQUEZ
-- ഗബ്രിയേൽ ഗാർസിയാ മാർക്‌സ്
245 ## - TITLE STATEMENT
Title EKANTHATHAYUDE NOORU VARSHANGAL
Remainder of title ഏകാന്തതയുടെ നൂറു വർഷങ്ങൾ
250 ## - EDITION STATEMENT
Edition statement 28
260 ## - PUBLICATION, DISTRIBUTION, ETC. (IMPRINT)
Place of publication kottayam
Name of publisher dcbooks
Year of publication 2022
300 ## - PHYSICAL DESCRIPTION
Number of Pages 383
520 ## - SUMMARY, ETC.
Summary, etc ഗബ്രിയേല്‍ ഗാര്‍സിയ മാര്‍ക്വിസിന്റെ മാസ്റ്റര്‍പീസ് നോവല്‍. മാക്കോണ്ടയിലെ ബുവേന്‍ഡിയ കുടുംത്തിന്റെ വംശഗാഥയിലൂ ടെ മനുഷ്യാവസ്ഥകളുടെ സമസ്തവശങ്ങളെയും മാര്‍ക്വിസ് കാട്ടിത്തരുന്നു. പ്രണയവും കാമവും അഗമ്യഗമനവും കുടുംബ ബന്ധങ്ങളുടെ തീവ്രതയും പ്രതികാരവുമെല്ലാം മാജിക്കല്‍ റിയലിസമെന്ന മന്ത്രച്ചരടില്‍ കോര്‍ത്ത് ഒരു ഹാരമായി വായനക്കാരന്റെ ഉള്ളിലേക്ക് നീട്ടുകയാണ് ഗ്രന്ഥകാരന്‍. ലോകസാഹിത്യത്തിലെ ഇതിഹാസമായി മാറിയ കൃതിയുടെ പരിഭാഷ.
942 ## - ADDED ENTRY ELEMENTS (KOHA)
Koha item type Books
Holdings
Withdrawn status Lost status Damaged status Collection code Home library Current library Shelving location Date acquired Full call number Accession Number Koha item type
      Fiction KAUAET KAUAET Fiction 06/05/2023 894.812 3 GAB/EK 26218 Books
free website counter